000 00769nas a2200253 4500
001 BR9701936
003 BR-BrBNA
005 20231205100134.0
007 ta
008 230509b bl.|||p| |||| 00| 00por d
040 _aBR-BrBNA
_bpor
_cBiblioteca Nacional de Agricultura
041 _a(Pt)
072 _aL73
100 1 _aMarques, L.C.
100 1 _aFagliari, J.J.
100 1 _aAmancio, L.R.
245 1 _aSurtos de doenca semelhante ao ectima contagioso em ovinos (Ovis aries)no Estado de Sao Paulo, Brasil
650 _aOvino
650 _aEctima Contagioso
650 _aSao Paulo
773 0 _tARS Veterinaria (Brazil)
_xISSN 0102-6380
_g(Dec 1996), v. 12(2) p. 120-124
_wBR9701936
909 _a202311
_bLúcia
_c55
_dLúcia Elande
942 _2AGRIS
_n0
_cANA
999 _c154467
_d154467